Statystyki dla Bronie z csgo

Kliknij tutaj aby rozwiązać quiz!

Ogólne statystyki

  • Ten quiz został rozwiązany 113 razy
  • Średni wynik to 26 z 35

Statystyki odpowiedzi

Kategoria broniOdpowiedź% Poprawnych
Pistoletglock
98%
Karabinak47
95%
Snajperkiawp
95%
Pistoletusp-s
95%
Karabinm4a4
94%
Pistoletdesert eagle
87%
Pistoletp250
87%
Ciezkienegev
86%
Karabinm4a1s
85%
Pistoletp2000
83%
PMp90
83%
Pistolettec9
83%
Pistoletcz75 auto
81%
Karabinfamas
81%
Pistoletfive-seven
81%
Pistoletrewolwer r8
81%
PMmp9
79%
PMmp7
77%
Snajperkissg08
75%
PMmac10
73%
Ciezkienova
73%
Pistoletberetty
71%
CiezkieM249
70%
Karabinaug
69%
PMmp5
69%
Karabinsg553
67%
PMpp bizon
64%
CiezkieMAG7
63%
SnajperkiScar20
63%
CiezkieXM1014
62%
Ciezkieobrzyn
61%
PMump45
54%
SnajperkiG3SG1
31%
Karabingail
29%
Pistoletzeus x27
26%

Rozkład punktacji

Percentyl według liczby udzielonych odpowiedzi

Procent ludzi z każdym wynikiem

Twoja historia wyników

Nie rozwiązałeś tego quizu